[Event "Reykjavik Open 2008"]
[Site "Reykjavik"]
[Date "2008.03.06"]
[Round "4.38"]
[White "Andersson, Christin"]
[Black "Jackova, Jana"]
[Result "0-1"]
[WhiteElo "2194"]
[BlackElo "2375"]
[PlyCount "38"]
[EventDate "2008.03.03"]

1. e4 e5 2. Nf3 Nc6 3. Bc4 Nf6 4. Ng5 d5 5. exd5 Na5 6. Bb5+ c6 7. dxc6 bxc6 8.
Bf1 h6 9. Nf3 e4 10. Ng1 Bc5 11. d3 O-O 12. Nc3 Re8 13. dxe4 Bxf2+ 14. Kxf2
Nxe4+ 15. Kf3 Bg4+ 16. Kxg4 Nf2+ 17. Kf3 Nxd1 18. Nxd1 Qxd1+ 19. Be2 Rxe2 0-1

[Event "Reykjavik Open 2008"]
[Site "Reykjavik"]
[Date "2008.03.06"]
[Round "4.40"]
[White "Misiuga, Andrzej"]
[Black "Rebers, Eugene"]
[Result "1/2-1/2"]
[WhiteElo "2157"]
[BlackElo "2297"]
[PlyCount "90"]
[EventDate "2008.03.03"]

1. d4 f5 2. e4 fxe4 3. Nc3 Nf6 4. Bg5 Nc6 5. d5 Ne5 6. Qd4 Nf7 7. Bh4 e5 8.
dxe6 dxe6 9. Qxd8+ Nxd8 10. O-O-O Bd7 11. Nb5 Bxb5 12. Bxb5+ c6 13. Bc4 Nd5 14.
Re1 e3 15. Bxd5 cxd5 16. Rxe3 Bc5 17. Re2 Kd7 18. Bxd8 Raxd8 19. Nf3 Bd6 20.
Rhe1 Rde8 21. Ne5+ Bxe5 22. Rxe5 Rhf8 23. f3 g6 24. Kd2 Rf5 25. Kd3 Kd6 26.
Rxf5 gxf5 27. f4 Rc8 28. b3 Rg8 29. Re2 h5 30. c3 Rg4 31. Ke3 e5 32. fxe5+ Kxe5
33. Kf3+ Re4 34. Rd2 b5 35. g3 a5 36. Rd1 b4 37. Rc1 bxc3 38. Rxc3 a4 39. bxa4
Rxa4 40. Re3+ Kf6 41. a3 d4 42. Rb3 Ke5 43. Rb5+ Kf6 44. Rb6+ Ke5 45. Rb5+ Kf6
1/2-1/2

[Event "Reykjavik Open 2008"]
[Site "Reykjavik"]
[Date "2008.03.06"]
[Round "4.41"]
[White "Edvardsson, Kristjan"]
[Black "Thorgeirsson, Sverrir"]
[Result "1-0"]
[WhiteElo "2261"]
[BlackElo "2120"]
[PlyCount "89"]
[EventDate "2008.03.03"]

1. d4 d5 2. c4 e6 3. g3 Nf6 4. Bg2 Bb4+ 5. Bd2 Be7 6. Nf3 c6 7. Qc2 Nbd7 8. O-O
O-O 9. b3 Ne4 10. Bf4 f5 11. Nc3 Ndf6 12. Rad1 Qe8 13. Nxe4 fxe4 14. Ne5 Nh5
15. Bc1 b6 16. cxd5 cxd5 17. f3 exf3 18. exf3 Ba6 19. Rfe1 Rc8 20. Qb2 g5 21.
Bd2 Ng7 22. g4 Qd8 23. Rc1 Qd6 24. Rxc8 Rxc8 25. Rc1 Rxc1+ 26. Qxc1 Bf6 27. f4
gxf4 28. Bxf4 Qb4 29. Qe3 Be2 30. h3 Bb5 31. Bg3 a5 32. h4 h5 33. Bh3 hxg4 34.
Bxg4 a4 35. Qf2 Nf5 36. Bxf5 exf5 37. bxa4 Qxa4 38. Kh2 Bxe5 39. Bxe5 Qa7 40.
Qg2+ Kh7 41. Qxd5 Bd3 42. Qe6 b5 43. a3 b4 44. h5 Qa6 45. Qf7+ 1-0

[Event "Reykjavik Open 2008"]
[Site "Reykjavik"]
[Date "2008.03.06"]
[Round "4.42"]
[White "Bjornsson, Sverrir Orn"]
[Black "Thorsteinsson, Arnar"]
[Result "0-1"]
[WhiteElo "2116"]
[BlackElo "2255"]
[PlyCount "21"]
[EventDate "2008.03.03"]

1. d4 d5 2. c4 e6 3. Nc3 Nf6 4. cxd5 exd5 5. Bg5 c6 6. e3 Be7 7. Qc2 O-O 8. Bd3
Nbd7 9. Nge2 Re8 10. O-O Nf8 11. f3 {Loss by phone ring.} 0-1

[Event "Reykjavik Open 2008"]
[Site "Reykjavik"]
[Date "2008.03.06"]
[Round "4.43"]
[White "Frank-Nielsen, Marie"]
[Black "Bjarnason, Oskar"]
[Result "1/2-1/2"]
[WhiteElo "1969"]
[BlackElo "2290"]
[PlyCount "69"]
[EventDate "2008.03.03"]

1. e4 d5 2. exd5 Qxd5 3. Nc3 Qa5 4. d4 Nf6 5. Nf3 Bg4 6. h3 Bh5 7. Bd2 Qb6 8.
Bb5+ c6 9. Bd3 Bxf3 10. Qxf3 Qxd4 11. O-O e6 12. Be3 Qe5 13. Bf4 Qa5 14. a3 Be7
15. b4 Qb6 16. Rad1 Nbd7 17. Na4 Qd8 18. c4 O-O 19. Rfe1 Qc8 20. g4 Rd8 21. g5
Ne8 22. h4 a5 23. bxa5 Rxa5 24. Nc3 Rxa3 25. Ne4 Nc5 26. Nxc5 Bxc5 27. Bxh7+
Kxh7 28. Qh5+ Kg8 29. g6 Bxf2+ 30. Kxf2 fxg6 31. Qxg6 Nf6 32. Rg1 Ra2+ 33. Kf3
Ra3+ 34. Kf2 Ra2+ 35. Kf3 1/2-1/2

[Event "Reykjavik Open 2008"]
[Site "Reykjavik"]
[Date "2008.03.06"]
[Round "4.44"]
[White "Bjornsson, Bjorn Freyr"]
[Black "Magnusson, Bjarni"]
[Result "1-0"]
[WhiteElo "2194"]
[BlackElo "1913"]
[PlyCount "109"]
[EventDate "2008.03.03"]

1. e4 d6 2. d4 Nf6 3. Nc3 g6 4. f4 Bg7 5. Nf3 O-O 6. Bd3 Nc6 7. d5 Nb4 8. Be2
a5 9. Be3 Bg4 10. O-O Nd7 11. Nd4 Bxe2 12. Qxe2 Rc8 13. a3 c5 14. Nf3 Na6 15.
Rf2 Nc7 16. a4 Bxc3 17. bxc3 f5 18. c4 fxe4 19. Ng5 Nf6 20. Bd2 b6 21. f5 gxf5
22. Rxf5 Qd7 23. Raf1 Qxa4 24. Nxh7 Rf7 25. Nxf6+ exf6 26. Bc3 Ne8 27. Qg4+ Rg7
28. Qxe4 Qd7 29. Kh1 Rc7 30. g4 Rg6 31. Rg1 Qe7 32. Qf3 Qh7 33. g5 Rf7 34. gxf6
Rxg1+ 35. Kxg1 Qg6+ 36. Kh1 Qh6 37. Rf4 Kf8 38. Qf2 a4 39. Bb2 a3 40. Bxa3 Rxf6
41. Rxf6+ Qxf6 42. Kg2 Kf7 43. Bb2 Qxf2+ 44. Kxf2 Nc7 45. Ke3 Na6 46. Bc3 Nb8
47. Kf4 Nd7 48. h4 Kg6 49. h5+ Kxh5 50. Kf5 Nf8 51. Bg7 Ng6 52. Ke6 Nf4+ 53.
Kxd6 Kg6 54. Be5 Ng2 55. Kc6 1-0

[Event "Reykjavik Open 2008"]
[Site "Reykjavik"]
[Date "2008.03.07"]
[Round "5.2"]
[White "Halkias, Stelios"]
[Black "Adly, Ahmed"]
[Result "1/2-1/2"]
[WhiteElo "2580"]
[BlackElo "2551"]
[PlyCount "101"]
[EventDate "2008.03.03"]

1. d4 d5 2. c4 e6 3. Nc3 Nf6 4. Nf3 c6 5. Bg5 Nbd7 6. e3 Qa5 7. cxd5 Nxd5 8.
Qd2 Bb4 9. Rc1 h6 10. Bh4 Nxc3 11. bxc3 Ba3 12. Rb1 e5 13. Bd3 O-O 14. O-O Re8
15. Qc2 Bd6 16. c4 exd4 17. exd4 Nf8 18. c5 Bf4 19. Bg3 Qc7 20. Ne5 Bxg3 21.
fxg3 Be6 22. Nc4 Re7 23. Nd6 b6 24. Kh1 Rd8 25. Rbe1 Bd5 26. Qf2 Rxd6 27. cxd6
Qxd6 28. Qf4 Qa3 29. Rxe7 Qxe7 30. Qf2 Qb4 31. g4 a5 32. Bb1 b5 33. h4 a4 34.
g5 hxg5 35. hxg5 Qd6 36. Re1 Qd7 37. Qg3 b4 38. Be4 Bxa2 39. Qb8 Qxd4 40. g6
Qf2 41. Qxb4 c5 42. Qc3 a3 43. Re3 Qf1+ 44. Kh2 Qf4+ 45. Kg1 f5 46. Bc2 Bc4 47.
Qxa3 Qf1+ 48. Kh2 Qf4+ 49. Kg1 Qf1+ 50. Kh2 Qf4+ 51. Kg1 1/2-1/2

[Event "Reykjavik Open 2008"]
[Site "Reykjavik"]
[Date "2008.03.07"]
[Round "5.8"]
[White "Vavrak, Peter"]
[Black "Lie, Kjetil A"]
[Result "1/2-1/2"]
[WhiteElo "2472"]
[BlackElo "2556"]
[PlyCount "27"]
[EventDate "2008.03.03"]

1. Nf3 c5 2. c4 Nc6 3. d4 cxd4 4. Nxd4 Nf6 5. Nc3 e6 6. e4 Bb4 7. Nxc6 bxc6 8.
Bd3 e5 9. O-O O-O 10. Be3 d6 11. h3 Be6 12. Rc1 Bxc3 13. Rxc3 d5 14. Bg5
1/2-1/2

[Event "Reykjavik Open 2008"]
[Site "Reykjavik"]
[Date "2008.03.07"]
[Round "5.9"]
[White "Hillarp Persson, Tiger"]
[Black "Thorfinnsson, Bragi"]
[Result "1-0"]
[WhiteElo "2535"]
[BlackElo "2406"]
[PlyCount "133"]
[EventDate "2008.03.03"]

1. e4 c5 2. Nf3 d6 3. d4 cxd4 4. Nxd4 Nf6 5. Nc3 a6 6. Be3 e6 7. Be2 Qc7 8. a4
b6 9. f4 Bb7 10. Bf3 Nc6 11. Nb3 Be7 12. O-O O-O 13. g4 d5 14. e5 Nd7 15. Qe2
Na5 16. Nxa5 bxa5 17. Bd4 Bc5 18. Qe3 Bxd4 19. Qxd4 Rfc8 20. Be2 Qb6 21. Qxb6
Nxb6 22. Bd3 Nc4 23. Nd1 d4 24. Rf2 g5 25. b3 Ne3 26. Nxe3 dxe3 27. Rff1 Rc5
28. h4 h6 29. Rae1 gxf4 30. Rxf4 Rxe5 31. Kf1 Kg7 32. Ke2 f6 33. Rg1 Rc8 34.
Rg3 Rcc5 35. Rxe3 Rxe3+ 36. Kxe3 e5 37. Rf2 Bc8 38. Bf5 Rc3+ 39. Kd2 Rc7 40.
Rf3 Bxf5 41. gxf5 Kf7 42. Rd3 Ke7 43. Rg3 Rd7+ 44. Ke3 Kf7 45. Rg4 Rc7 46. Kd3
Rd7+ 47. Ke2 Rc7 48. c4 Rb7 49. Rg3 Rd7 50. c5 Rd5 51. Rc3 Rd7 52. Kf3 Ke7 53.
Kg4 Kd8 54. Kh5 Rb7 55. Kxh6 Rb4 56. Kh5 Rb8 57. Rd3+ Ke7 58. c6 Ra8 59. Kg4
Rg8+ 60. Kf3 Rc8 61. Rd7+ Ke8 62. Rd6 Ke7 63. Re6+ Kf7 64. Ke4 Rd8 65. c7 Rc8
66. Rc6 Ke7 67. h5 1-0

[Event "Reykjavik Open 2008"]
[Site "Reykjavik"]
[Date "2008.03.07"]
[Round "5.11"]
[White "Nataf, Igor-Alexandre"]
[Black "Paehtz, Elisabeth"]
[Result "1/2-1/2"]
[WhiteElo "2552"]
[BlackElo "2420"]
[PlyCount "51"]
[EventDate "2008.03.03"]

1. e4 e5 2. Nf3 Nc6 3. d4 exd4 4. Nxd4 Nf6 5. Nxc6 bxc6 6. e5 Qe7 7. Qe2 Nd5 8.
Nd2 Qe6 9. Nf3 a5 10. c4 Bb4+ 11. Bd2 Bxd2+ 12. Qxd2 Nb6 13. c5 Nd5 14. Bc4 O-O
15. O-O Ba6 16. Bxd5 Qxd5 17. Qxd5 cxd5 18. Rfd1 c6 19. Rd2 Rfe8 20. Re1 f6 21.
exf6 Rxe1+ 22. Nxe1 Re8 23. Nf3 gxf6 24. h3 Kf7 25. Kh2 a4 26. b3 1/2-1/2

[Event "Reykjavik Open 2008"]
[Site "Reykjavik"]
[Date "2008.03.07"]
[Round "5.13"]
[White "Tania, Sachdev"]
[Black "Moradiabadi, Elshan"]
[Result "0-1"]
[WhiteElo "2417"]
[BlackElo "2506"]
[PlyCount "54"]
[EventDate "2008.03.03"]

1. d4 g6 2. c4 Bg7 3. Nc3 Nf6 4. e4 d6 5. h3 O-O 6. Bg5 c5 7. d5 e6 8. Bd3 exd5
9. cxd5 Re8 10. Nf3 c4 11. Bc2 b5 12. a3 Bd7 13. O-O a5 14. Nd4 Qb6 15. Be3 Qb7
16. Qf3 Na6 17. Bg5 Ng4 18. Nc6 Ne5 19. Nxe5 Bxe5 20. Bf6 b4 21. axb4 axb4 22.
Nd1 Nc5 23. Ne3 Rxa1 24. Rxa1 b3 25. Bxe5 dxe5 26. Nxc4 bxc2 27. Nd6 Qxb2 0-1

[Event "Reykjavik Open 2008"]
[Site "Reykjavik"]
[Date "2008.03.07"]
[Round "5.15"]
[White "Lagerman, Robert"]
[Black "Simutowe, Amon"]
[Result "1/2-1/2"]
[WhiteElo "2348"]
[BlackElo "2457"]
[PlyCount "45"]
[EventDate "2008.03.03"]

1. e4 c5 2. Nf3 Nc6 3. d4 cxd4 4. Nxd4 g6 5. Nc3 Bg7 6. Be3 Nf6 7. Bc4 O-O 8.
Bb3 a5 9. a4 Ng4 10. Qxg4 Nxd4 11. Qh4 Bf6 12. Qg3 Nxb3 13. cxb3 Ra6 14. e5 Bg7
15. O-O d6 16. exd6 Rxd6 17. Rad1 Be6 18. Rxd6 Qxd6 19. Qxd6 exd6 20. Rd1 Bxb3
21. Rxd6 Re8 22. Rb6 Rd8 23. h4 1/2-1/2

[Event "Reykjavik Open 2008"]
[Site "Reykjavik"]
[Date "2008.03.07"]
[Round "5.16"]
[White "Arakhamia-Grant, Ketevan"]
[Black "Arngrimsson, Dagur"]
[Result "1-0"]
[WhiteElo "2457"]
[BlackElo "2359"]
[PlyCount "83"]
[EventDate "2008.03.03"]

1. e4 e5 2. Nf3 Nc6 3. Bb5 a6 4. Ba4 Nf6 5. O-O Be7 6. Re1 b5 7. Bb3 d6 8. c3
O-O 9. h3 Na5 10. Bc2 c5 11. d4 Qc7 12. d5 Bd7 13. b3 Nb7 14. Nbd2 g6 15. Nf1
Nh5 16. Bh6 Ng7 17. g4 f6 18. Ng3 Nd8 19. Qd2 Nf7 20. Be3 a5 21. a4 bxa4 22.
bxa4 Rab8 23. Qe2 Rb7 24. Nd2 Ng5 25. Kg2 f5 26. exf5 gxf5 27. gxf5 Rb2 28.
Bxg5 Bxg5 29. Nde4 Bf4 30. f6 Nf5 31. Qg4+ Kh8 32. Nxf5 Bxf5 33. Qxf5 Rxc2 34.
Kh1 Qf7 35. Rg1 Bh6 36. Rad1 Ra2 37. Rg4 Rxa4 38. Nxd6 Qc7 39. Nb5 Qb6 40. Rxa4
Qxb5 41. Rh4 Qe2 42. Rxh6 1-0

[Event "Reykjavik Open 2008"]
[Site "Reykjavik"]
[Date "2008.03.07"]
[Round "5.18"]
[White "Al-Modiahki, Mohamad"]
[Black "Nemcova, Katerina"]
[Result "1-0"]
[WhiteElo "2569"]
[BlackElo "2342"]
[PlyCount "77"]
[EventDate "2008.03.03"]

1. e4 e5 2. Nf3 Nc6 3. Bb5 a6 4. Ba4 Nf6 5. O-O b5 6. Bb3 Be7 7. a4 Rb8 8. axb5
axb5 9. d4 Nxd4 10. Bxf7+ Kf8 11. Nxe5 Nc6 12. Nxc6 dxc6 13. Qxd8+ Bxd8 14. Bb3
Nxe4 15. Be3 Bf6 16. Ra7 Bb7 17. Re1 Nd6 18. Nd2 Ra8 19. Rxa8+ Bxa8 20. Bc5 Bb7
21. Nf3 g6 22. Nd4 Bc8 23. Nxc6 Kg7 24. c3 Bb7 25. Nd4 Re8 26. Rxe8 Nxe8 27.
Nxb5 Be5 28. Nd4 Kf6 29. Ne6 Bc8 30. Nd4 Bb7 31. f3 Bf4 32. Ne2 Be5 33. Bd4 Nd6
34. Bxe5+ Kxe5 35. Kf2 Ba6 36. f4+ Kf5 37. Bc2+ Kf6 38. g4 Nc4 39. Bd3 1-0

[Event "Reykjavik Open 2008"]
[Site "Reykjavik"]
[Date "2008.03.07"]
[Round "5.20"]
[White "Miezis, Normunds"]
[Black "Thomassen, Joachim"]
[Result "1-0"]
[WhiteElo "2553"]
[BlackElo "2308"]
[PlyCount "69"]
[EventDate "2008.03.03"]

1. c4 Nf6 2. Nc3 e5 3. g3 d5 4. cxd5 Nxd5 5. Bg2 Nb6 6. Nf3 Nc6 7. Rb1 a5 8.
O-O Be7 9. b3 O-O 10. Bb2 Be6 11. Rc1 f6 12. d4 a4 13. Nxa4 Nxa4 14. bxa4 e4
15. Nd2 f5 16. Nc4 Qd7 17. f3 exf3 18. Bxf3 Bg5 19. d5 Bxc1 20. Qxc1 Bxd5 21.
Rd1 Ne7 22. Qg5 g6 23. Qh6 Rf7 24. Ne5 Qxa4 25. Rxd5 Nxd5 26. Nxf7 Qd1+ 27. Kf2
Kxf7 28. Qxh7+ Ke6 29. Qxg6+ Kd7 30. Qxf5+ Kd6 31. Be5+ Kc5 32. a3 c6 33. Qd7
b5 34. Qd6+ Kb6 35. h4 1-0

[Event "Reykjavik Open 2008"]
[Site "Reykjavik"]
[Date "2008.03.07"]
[Round "5.21"]
[White "Gretarsson, Hjorvar Steinn"]
[Black "Jankovic, Alojzije"]
[Result "0-1"]
[WhiteElo "2247"]
[BlackElo "2541"]
[PlyCount "114"]
[EventDate "2008.03.03"]

1. c4 Nf6 2. Nc3 e5 3. Nf3 Nc6 4. g3 Bb4 5. Nd5 e4 6. Nh4 O-O 7. a3 Bc5 8. d3
exd3 9. Qxd3 Ne5 10. Qc2 c6 11. Ne3 Nfg4 12. Nxg4 Nxg4 13. e3 a5 14. Bg2 a4 15.
O-O d6 16. h3 Ne5 17. f4 Nd7 18. Kh2 Qb6 19. e4 Re8 20. Bd2 Qb3 21. Qxb3 axb3
22. Bc3 Nb6 23. Rfc1 Nxc4 24. Bxg7 Ne3 25. Bc3 Nxg2 26. Kxg2 Rxe4 27. Re1 Raa4
28. f5 d5 29. Kf3 h5 30. Bf6 Kf8 31. Rac1 b6 32. Be5 Rac4 33. Bc3 Rxc3+ 34.
bxc3 b2 35. Rb1 Rxe1 36. Rxe1 Ba6 37. Rb1 Bxa3 38. Ke3 Bc4 39. Kd2 d4 40. cxd4
Bd5 41. Kc3 Be4 42. Rxb2 Bxb2+ 43. Kxb2 Ke7 44. Kc3 Kf6 45. Kd2 Bxf5 46. Nf3
Bxh3 47. Ne5 Bg2 48. Ke3 b5 49. Nd3 Kg5 50. Nc5 b4 51. Nd3 b3 52. Nb2 Kg4 53.
Kf2 Bd5 54. Nd3 f6 55. Nb2 f5 56. Nd3 f4 57. gxf4 h4 0-1

[Event "Reykjavik Open 2008"]
[Site "Reykjavik"]
[Date "2008.03.07"]
[Round "5.23"]
[White "Hermansson, Emil"]
[Black "Johannesson, Ingvar Thor"]
[Result "1-0"]
[WhiteElo "2472"]
[BlackElo "2338"]
[PlyCount "89"]
[EventDate "2008.03.03"]

1. e4 g6 2. d4 Bg7 3. Nf3 d6 4. Bd3 Nd7 5. O-O e5 6. c3 Ngf6 7. Re1 h6 8. Nbd2
O-O 9. a4 Nh5 10. a5 a6 11. Nc4 Qf6 12. Bf1 Re8 13. Ne3 Nf8 14. Nd5 Qd8 15. h3
Nf6 16. Nxf6+ Qxf6 17. d5 Qe7 18. c4 f5 19. b3 f4 20. Ba3 Nd7 21. Rc1 Bf8 22.
b4 g5 23. c5 h5 24. c6 bxc6 25. dxc6 Nf6 26. Nxg5 Bh6 27. Bc4+ Kg7 28. Nf3 Be6
29. Qb3 Bxc4 30. Qxc4 Nh7 31. Kh2 Kh8 32. Rb1 Rg8 33. b5 axb5 34. Rxb5 Qg7 35.
Rg1 Nf6 36. Kh1 Qg6 37. Nh4 Qg5 38. Nf5 Bf8 39. Bb2 f3 40. g3 Qd2 41. Qf7 Bg7
42. Bc1 Qxf2 43. Bh6 Bxh6 44. Qxf6+ Bg7 45. Qg5 1-0

[Event "Reykjavik Open 2008"]
[Site "Reykjavik"]
[Date "2008.03.07"]
[Round "5.25"]
[White "Grover, Sahaj"]
[Black "Perunovic, Miodrag"]
[Result "0-1"]
[WhiteElo "2242"]
[BlackElo "2440"]
[PlyCount "42"]
[EventDate "2008.03.03"]

1. e4 c6 2. d4 d5 3. e5 Bf5 4. c4 e6 5. Nc3 Nd7 6. Nge2 dxc4 7. Ng3 Bg6 8. Bxc4
Nb6 9. Bb3 Ne7 10. Be3 Ned5 11. Qd2 Be7 12. f4 h5 13. O-O-O a5 14. a3 Nxe3 15.
Qxe3 Nd5 16. Nxd5 cxd5 17. Ba4+ Kf8 18. Bc2 Rc8 19. Rd2 Qc7 20. Qf2 h4 21. Nf1
Bxa3 0-1

[Event "Reykjavik Open 2008"]
[Site "Reykjavik"]
[Date "2008.03.07"]
[Round "5.26"]
[White "Popovic, Milos T"]
[Black "Narayanan, Srinath"]
[Result "1-0"]
[WhiteElo "2405"]
[BlackElo "2210"]
[PlyCount "93"]
[EventDate "2008.03.03"]

1. d4 Nf6 2. Nf3 g6 3. c4 Bg7 4. Nc3 O-O 5. e4 d6 6. h3 e5 7. d5 a5 8. Be2 Na6
9. Bg5 h6 10. Be3 Nh5 11. g3 f5 12. exf5 gxf5 13. Nxe5 Nxg3 14. fxg3 dxe5 15.
Qd2 f4 16. Bf2 f3 17. Bd3 e4 18. Nxe4 Re8 19. O-O-O Nb4 20. Bb1 Nxa2+ 21. Bxa2
Rxe4 22. Rde1 Rxe1+ 23. Rxe1 a4 24. c5 a3 25. d6+ Kf8 26. Re7 axb2+ 27. Kd1
Qxe7 28. dxe7+ Kxe7 29. Qe3+ Kd8 30. Qb3 Rxa2 31. Qg8+ Kd7 32. Qxg7+ Kc6 33.
Qg6+ Kb5 34. Qd3+ Ka4 35. Kc2 Be6 36. Qe4+ Kb5 37. Qxe6 b1=Q+ 38. Kxb1 Rxf2 39.
Qe3 Rf1+ 40. Kc2 Kc6 41. Kd2 f2 42. Qxh6+ Kxc5 43. Qe3+ Kc6 44. Qc3+ Kb6 45.
Qd4+ c5 46. Qd6+ Ka7 47. Qxc5+ 1-0

[Event "Reykjavik Open 2008"]
[Site "Reykjavik"]
[Date "2008.03.07"]
[Round "5.27"]
[White "Limontaite, Simona"]
[Black "Nyzhnyk, Illya"]
[Result "0-1"]
[WhiteElo "2152"]
[BlackElo "2405"]
[PlyCount "58"]
[EventDate "2008.03.03"]

1. d4 Nf6 2. c4 e6 3. Nf3 Bb4+ 4. Nbd2 d6 5. a3 Bxd2+ 6. Bxd2 Qe7 7. Bg5 h6 8.
Bh4 e5 9. e3 O-O 10. Be2 Bf5 11. O-O Nbd7 12. b4 b6 13. c5 bxc5 14. bxc5 dxc5
15. dxe5 Nxe5 16. Nxe5 Qxe5 17. Bxf6 gxf6 18. Qa4 Rfd8 19. Rac1 Rd2 20. Bf3
Rad8 21. Qa5 Bc2 22. Qxa7 c4 23. Qb7 c3 24. Qc6 Bd3 25. Rfe1 c2 26. a4 Qb2 27.
Qxc7 Be4 28. Qg3+ Kf8 29. h3 Bxf3 0-1

[Event "Reykjavik Open 2008"]
[Site "Reykjavik"]
[Date "2008.03.07"]
[Round "5.28"]
[White "Vasilevich, Tatjana"]
[Black "Kristjansson, Atli Freyr"]
[Result "0-1"]
[WhiteElo "2370"]
[BlackElo "2019"]
[PlyCount "100"]
[EventDate "2008.03.03"]

1. d4 d5 2. Nf3 Nf6 3. e3 g6 4. c4 c6 5. Nc3 Bg7 6. Be2 O-O 7. O-O a6 8. c5
Nbd7 9. Bd2 e5 10. dxe5 Ng4 11. b4 Ngxe5 12. Nd4 a5 13. a3 Nf6 14. f4 Nc4 15.
Bxc4 dxc4 16. h3 Bf5 17. Qf3 Bd3 18. Rfd1 Qe7 19. Rac1 Rfe8 20. Re1 Ne4 21.
Nxe4 Qxe4 22. Bc3 axb4 23. axb4 Ra3 24. Bb2 Ra2 25. Bc3 Rea8 26. Ra1 Qe8 27.
Rxa2 Rxa2 28. e4 Qa8 29. Qe3 Qa3 30. Qc1 Qxc1 31. Rxc1 Bxe4 32. Nf3 Bd5 33.
Bxg7 Kxg7 34. Ne1 Rb2 35. Nc2 Kf6 36. g4 g5 37. fxg5+ Kxg5 38. Ne3 Rxb4 39. Rd1
Be6 40. Rd4 Rb5 41. Kf2 Rxc5 42. Ke2 b5 43. Ng2 b4 44. h4+ Kf6 45. g5+ Ke5 46.
Ke3 Bf5 47. Ne1 b3 48. Nf3+ Ke6 49. Rd1 Ke7 50. Nd4 Bg6 0-1

[Event "Reykjavik Open 2008"]
[Site "Reykjavik"]
[Date "2008.03.07"]
[Round "5.29"]
[White "Bjarnason, Saevar"]
[Black "Westerinen, Heikki M J"]
[Result "0-1"]
[WhiteElo "2226"]
[BlackElo "2362"]
[PlyCount "80"]
[EventDate "2008.03.03"]

1. Nf3 Nf6 2. g3 d6 3. Bg2 e5 4. c4 g6 5. Nc3 Bg7 6. O-O O-O 7. d4 Nfd7 8. e4
Nc6 9. Be3 exd4 10. Nxd4 Nde5 11. Nxc6 bxc6 12. c5 Ba6 13. Re1 Nd3 14. Re2 Nxb2
15. Rxb2 Bxc3 16. Rc2 Bxa1 17. Qxa1 f6 18. cxd6 cxd6 19. Rxc6 Bb7 20. Rc1 Qe7
21. Qd4 Rfc8 22. Rd1 Rc6 23. h4 Rac8 24. Bh3 R8c7 25. Bf4 Rc4 26. Qxd6 Qxd6 27.
Rxd6 Kg7 28. Rd1 Re7 29. f3 Bc8 30. Bd6 Rb7 31. Bf1 Rc3 32. e5 Be6 33. a3 a5
34. Re1 f5 35. Be2 Rb2 36. Be7 Kf7 37. Bd6 Rcc2 38. Bf1 Bd5 39. g4 fxg4 40.
fxg4 Ke6 0-1

[Event "Reykjavik Open 2008"]
[Site "Reykjavik"]
[Date "2008.03.07"]
[Round "5.31"]
[White "Thorfinnsson, Bjorn"]
[Black "Ragnarsson, Johann"]
[Result "1-0"]
[WhiteElo "2364"]
[BlackElo "2085"]
[PlyCount "63"]
[EventDate "2008.03.03"]

1. d4 d5 2. c4 e6 3. Nf3 c6 4. e3 f5 5. Be2 Bd6 6. O-O Nd7 7. b3 Qe7 8. a4 Nh6
9. Ba3 Bxa3 10. Nxa3 O-O 11. Nc2 g5 12. Nfe1 g4 13. Nd3 Nf7 14. f3 gxf3 15.
Bxf3 Ng5 16. Qe1 Kh8 17. Kh1 Rg8 18. Qh4 Rg7 19. Qf4 Nf6 20. Ne5 Bd7 21. Ne1
Rag8 22. Ra2 Be8 23. cxd5 cxd5 24. N1d3 Bh5 25. Bxh5 Nxh5 26. Qh4 Qe8 27. Rc2
Ne4 28. Rfc1 Nd6 29. g3 Ne4 30. Nf4 Nxf4 31. exf4 Qe7 32. Ng6+ 1-0

[Event "Reykjavik Open 2008"]
[Site "Reykjavik"]
[Date "2008.03.07"]
[Round "5.33"]
[White "Bergsson, Snorri"]
[Black "Kristinsson, Bjarni Jens"]
[Result "1-0"]
[WhiteElo "2333"]
[BlackElo "1822"]
[PlyCount "61"]
[EventDate "2008.03.03"]

1. e4 c5 2. Nf3 d6 3. d4 cxd4 4. Nxd4 Nf6 5. Nc3 g6 6. Be3 Bg7 7. f3 O-O 8. Qd2
Nc6 9. O-O-O d5 10. exd5 Nxd5 11. Nxc6 bxc6 12. Bd4 e5 13. Bc5 Be6 14. Ne4 Re8
15. Bc4 h6 16. g4 a5 17. h4 a4 18. g5 h5 19. Qe1 Qa5 20. Qxa5 Rxa5 21. Bf2 Rb8
22. Rd2 Bf5 23. Rhd1 a3 24. b3 Bxe4 25. fxe4 Nc3 26. Rd8+ Rxd8 27. Rxd8+ Bf8
28. Be1 Nxa2+ 29. Kb1 Ra7 30. Kxa2 Kg7 31. Bc3 1-0

[Event "Reykjavik Open 2008"]
[Site "Reykjavik"]
[Date "2008.03.07"]
[Round "5.35"]
[White "Thorsteinsson, Erlingur"]
[Black "Edvardsson, Kristjan"]
[Result "0-1"]
[WhiteElo "2132"]
[BlackElo "2261"]
[PlyCount "144"]
[EventDate "2008.03.03"]

1. Nf3 g6 2. d4 Nf6 3. Bf4 Bg7 4. h3 O-O 5. Nbd2 d6 6. e3 Nc6 7. Nc4 Nd7 8. c3
e5 9. dxe5 dxe5 10. Bh2 Qe7 11. Be2 f5 12. O-O Kh8 13. Qc2 b6 14. a4 a6 15.
Rad1 Bb7 16. Rd2 e4 17. Nd4 Nce5 18. Nxe5 Nxe5 19. Rfd1 g5 20. b4 f4 21. Bg4
Qf7 22. Be6 Qg6 23. b5 axb5 24. axb5 Rae8 25. Qb3 Nd3 26. Bc4 Nc5 27. Qb1 Bc8
28. Bf1 Nb7 29. c4 Rf7 30. Nc6 Ref8 31. Nd8 Nxd8 32. Rxd8 fxe3 33. Rxf8+ Bxf8
34. Be5+ Kg8 35. fxe3 Qf5 36. Bg3 h5 37. Be2 h4 38. Rf1 Qg6 39. Rxf7 Qxf7 40.
Be5 Bf5 41. Qa1 Qd7 42. Qd1 Bc5 43. Kf2 Bxh3 44. gxh3 Qf5+ 45. Kg2 Qxe5 46.
Qd8+ Kg7 47. Qd7+ Kh6 48. Bg4 Bxe3 49. Qe6+ Qxe6 50. Bxe6 Kg6 51. Kf1 Kf6 52.
Bg4 Ke5 53. Ke2 Kd4 54. Be6 Bf4 55. Kf2 Kd3 56. Ke1 e3 57. Bf5+ Kxc4 58. Bd7 g4
59. hxg4 h3 60. Ke2 h2 61. Bc6 h1=Q 62. Bxh1 Kxb5 63. Kd3 c5 64. Bf3 c4+ 65.
Kc3 Kc5 66. Be2 b5 67. Bf1 b4+ 68. Kc2 b3+ 69. Kb2 Kb4 70. Be2 c3+ 71. Kc1 Ka3
72. Bd3 e2+ 0-1

[Event "Reykjavik Open 2008"]
[Site "Reykjavik"]
[Date "2008.03.07"]
[Round "5.36"]
[White "Cross, Ted"]
[Black "Bjornsson, Bjorn Freyr"]
[Result "1/2-1/2"]
[WhiteElo "2079"]
[BlackElo "2194"]
[PlyCount "35"]
[EventDate "2008.03.03"]

1. e4 e5 2. Nf3 Nc6 3. Bc4 Bc5 4. c3 Nf6 5. d4 exd4 6. cxd4 Bb4+ 7. Bd2 Bxd2+
8. Nbxd2 d5 9. exd5 Nxd5 10. Qb3 Nce7 11. O-O O-O 12. Rfe1 c6 13. Ne4 Qb6 14.
Nc3 Be6 15. Qxb6 axb6 16. Ng5 Nf5 17. Bxd5 Bxd5 18. Nxd5 1/2-1/2

[Event "Reykjavik Open 2008"]
[Site "Reykjavik"]
[Date "2008.03.07"]
[Round "5.37"]
[White "Rebers, Eugene"]
[Black "Frank-Nielsen, Marie"]
[Result "0-1"]
[WhiteElo "2297"]
[BlackElo "1969"]
[PlyCount "90"]
[EventDate "2008.03.03"]

1. d4 d5 2. Nf3 Nf6 3. Bf4 c6 4. e3 Bf5 5. Bd3 Bxd3 6. Qxd3 Nbd7 7. Nbd2 e6 8.
h3 g6 9. O-O Nb6 10. e4 dxe4 11. Nxe4 Nxe4 12. Qxe4 Bg7 13. b3 O-O 14. c4 Nc8
15. Rad1 Nd6 16. Qe2 Nf5 17. Be5 Qa5 18. g4 Ne7 19. Rd2 Rad8 20. Rfd1 Rd7 21.
Qe3 a6 22. Kg2 b5 23. Bxg7 Kxg7 24. Qe5+ Kg8 25. Ng5 Qc7 26. Qf6 Nc8 27. Ne4
Nd6 28. Nc5 Ne8 29. Qe5 Re7 30. Nxa6 Qa5 31. Nc5 bxc4 32. bxc4 f6 33. Qg3 e5
34. Nb3 Qa8 35. dxe5 Rxe5 36. Qf3 Qa6 37. c5 Qc8 38. Rd7 Ng7 39. Qf4 g5 40. Qd4
Ne6 41. Qd6 Nf4+ 42. Kg3 h5 43. gxh5 Nxh5+ 44. Kh2 Nf4 45. Qxf8+ Qxf8 0-1

[Event "Reykjavik Open 2008"]
[Site "Reykjavik"]
[Date "2008.03.07"]
[Round "5.38"]
[White "Steil-Antoni, Fiona"]
[Black "Misiuga, Andrzej"]
[Result "0-1"]
[WhiteElo "2122"]
[BlackElo "2157"]
[PlyCount "102"]
[EventDate "2008.03.03"]

1. e4 c6 2. d4 d5 3. Nc3 dxe4 4. Nxe4 Bf5 5. Ng3 Bg6 6. Nf3 Nd7 7. h4 h6 8. h5
Bh7 9. Bd3 Bxd3 10. Qxd3 e6 11. Bf4 Qa5+ 12. Bd2 Bb4 13. c3 Be7 14. O-O Ngf6
15. c4 Qc7 16. Rfe1 O-O-O 17. c5 Nxc5 18. Qc2 Ncd7 19. Ne5 Nxe5 20. dxe5 Nd5
21. a3 Rd7 22. Ne4 Rhd8 23. Nc5 Bxc5 24. Qxc5 Qb6 25. Qc2 Kb8 26. Re4 Qa6 27.
Rae1 Nc7 28. Be3 Qd3 29. Qxd3 Rxd3 30. Rg4 Rd1 31. Kf1 Rxe1+ 32. Kxe1 Ne8 33.
Rd4 Rxd4 34. Bxd4 b6 35. g4 Kc7 36. Ke2 c5 37. Be3 Kc6 38. g5 hxg5 39. Bxg5 Kd5
40. f4 Ke4 41. h6 gxh6 42. Bxh6 Nc7 43. Kf2 Nd5 44. Kg3 Ne3 45. Bf8 Nc4 46. b4
cxb4 47. axb4 Ne3 48. Bd6 Nd5 49. Kg4 Nxf4 50. b5 Nd3 51. Bb8 Nxe5+ 0-1